Lacnejšia a rýchlejšia expanzia? Franšíza

Podnikanie s využitím systému franšízy. Známe značky, siete rýchleho občerstvenia. Pojmy franšízor a franšízant. Franšízový poplatok. Výhodná expanzia. Krajiny pôvodu franšíz na slovenskom trhu. Franšízové koncepty na Slovensku. Najsilnejšie zastúpenie v obchode, službách a gastro segmente.

Salvato in:
Dettagli Bibliografici
Autore principale: Legéň, Marek
Natura: Capitolo di libro
Lingua:slovacco
Soggetti:
Tags: Aggiungi Tag
Nessun Tag, puoi essere il primo ad aggiungerne!!

MARC

LEADER 00000naa a2200000 4500
001 0191905
005 20240426092517.4
041 0 |a slo 
044 |a SK 
245 1 0 |a Lacnejšia a rýchlejšia expanzia? Franšíza  |c Marek Legéň 
520 |a Podnikanie s využitím systému franšízy. Známe značky, siete rýchleho občerstvenia. Pojmy franšízor a franšízant. Franšízový poplatok. Výhodná expanzia. Krajiny pôvodu franšíz na slovenskom trhu. Franšízové koncepty na Slovensku. Najsilnejšie zastúpenie v obchode, službách a gastro segmente. 
610 2 0 |a podnikanie 
610 2 0 |a franšíza 
610 2 0 |a licencie 
610 2 0 |a know-how 
610 2 0 |a expanzia 
100 1 |a Legéň, Marek